Nghiên cứu con người

में बचाया:
ग्रंथसूची विवरण
स्वरूप: पुस्तक
भाषा:Undetermined
प्रकाशित: Hà Nội Viện nghiên cứu con người 2019
विषय:
टैग : टैग जोड़ें
कोई टैग नहीं, इस रिकॉर्ड को टैग करने वाले पहले व्यक्ति बनें!
Thư viện lưu trữ: Trung tâm Học liệu Trường Đại học Cần Thơ
LEADER 00581nam a2200193Ia 4500
001 CTU_233769
008 210402s9999 xx 000 0 und d
020 |c 35000 
082 |a 301 
082 |b Ngh305 
245 0 |a Nghiên cứu con người 
245 0 |c Viện nghiên cứu con người 
260 |a Hà Nội 
260 |b Viện nghiên cứu con người 
260 |c 2019 
650 |a Human studies,Nghiên cứu con người 
904 |i T.Trang 
910 |i Thùy Trang 
980 |a Trung tâm Học liệu Trường Đại học Cần Thơ